| 000 | 01072nam a2200337 i 4500 | ||
|---|---|---|---|
| 001 | 8341 | ||
| 003 | KOSZ 005 | ||
| 005 | 20210909130334.0 | ||
| 008 | 070620s1969 pl a f 001 0 pol | ||
| 015 | _aPB 1969/5267 | ||
| 040 |
_aWA N _cWA N _dKOSZ 005/RW _dKOSZ 005/HR |
||
| 046 | _k1969 | ||
| 080 | _a744 | ||
| 080 | _a766 | ||
| 080 | _a(02.025.2) | ||
| 100 | 1 |
_aWojeński, Jan _eAutor |
|
| 245 | 1 | 0 |
_aTechnika liternictwa / _cJan Wojeński ; oprac. graf. Jan Wojeński. |
| 260 |
_aWarszawa : _bPaństwowe Wydawnictwo Ekonomiczne, _c1969. |
||
| 300 |
_a375, [5] s. : _bil. ; _c25 cm. |
||
| 380 | _aKsiążki. | ||
| 388 | _a1901-2000 | ||
| 500 | _aDruk. z płyt fotochemigraf. | ||
| 504 | _aBibliogr. s. [377]. Indeks. | ||
| 650 | 4 | _aLiternictwo | |
| 650 | 4 | _aCzcionka | |
| 658 | _aInżynieria i technika | ||
| 658 | _aKultura i sztuka | ||
| 710 | 2 |
_aPaństwowe Wydawnictwo Ekonomiczne _4pbl. |
|
| 856 |
_uhttp://koha.tu.koszalin.pl/cgi-bin/koha/opac-detail.pl?biblionumber=8341 _yKatalog online BPK |
||
| 942 |
_2UKD _cKS |
||
| 999 |
_c8341 _d8341 |
||